000 00965nam a2200277 i 4500
001 105068
003 ES-MaACL
005 20250221130150.0
007 t|
008 050609s1966 sp ||||1| spa d
080 _a75 Megara, Meki (083.82)
100 1 _aMegara, Meki.
_979802
245 1 0 _aMeki Megara
_b: [exposición, Ateneo de Barcelona y Festivales de España, 1966] /
_c[Texto: Carlos Areán].
260 _a[Madrid] :
_bPublicaciones Españolas,
_c[1966]
300 _a[34] p. :
_bil. ;
_c23 cm.
490 1 _aCuadernos de arte. Serie divulgación ;
_v47
600 0 4 _aMegara, Meki
_979802
655 7 _2tgfbne
_9193628
_aCatálogos de exposiciones
700 1 _aAreán, Carlos,
_d1921-1996
_922562
710 2 _aAteneu Barcelonès.
_92060
710 2 _aFestivales de España.
_94125
830 0 _aCuadernos de arte. Serie divulgación ;
_v47
_9184876
852 _aES-MaACL
_jF-10824(13)
942 _2udc
999 _c105068
_d105068